Регионална библиотека "Любен Каравелов" - Русе

Нормален изглед MARC изглед
  • Стамболийски, Александър Стоименов

Вход 01. Лично име

Брой записи, използвани в: 0

001 - Контролен номер на записа

  • Контролно поле: 367195

003 - Код на организацията, даваща контролен номер

  • Контролно поле: BLK

005 - Дата и час на последна промяна на записа

  • Контролно поле: 20240411093534.0

008 - Данни с фиксирана дължина – обща информация

  • Данни с фиксирана дължина : 180422|| aca||aabn | a|a d

100 ## - ИМЕ НА ЛИЦЕ -ПЪРВИЧНА ИНТЕЛЕКТУАЛНА ОТГОВОРНОСТ

  • Лично име: Стамболийски, Александър Стоименов
  • Връзка: Стамболийски, Александър
  • Дати, свързани с автора: 1879 - 1923
  • Друга информация: Виден деец и идеолог на БЗНС

942 ## - Системна служебна употреба

  • Koha auth type: PERSO_NAME
Vip Innovations Ltd, Rousse, Bulgaria 2025